000 00224nam a22001097a 4500
040 _cSK
082 _a637
100 _aPAYNE W.J.A
245 _aMilk production in the tropics
260 _aPhnom Penh
_bFAO
_c1989
942 _cEK
999 _c8574
_d8574